| 000 | 00853nam a22002177a 4500 | ||
|---|---|---|---|
| 999 |
_c11149 _d11149 |
||
| 003 | AR-CdUCM | ||
| 008 | 190329b ||||| |||| 00| 0 spa d | ||
| 040 |
_aMUNICIPALIDAD PROVINCIAL DEL CUSCO _cBIBLIOTECA MUNICIPAL DEL CUSCO |
||
| 082 |
_a346.35 / _bC73 / 1945 |
||
| 110 |
_aComision del congreso _928348 |
||
| 245 | _aCódigo de menores / | ||
| 260 |
_aLima : _bTorres Aguirre S. A., _c1945. |
||
| 300 |
_a89 paginas ; _c20 cm. |
||
| 505 | _aContenido : Código de menores -- Código de familia -- Salario vital y ascendente y otras conclusiones -- Amparo y asistencia pre natal -- Prestamos de nupcialidad -- Menor indígena... | ||
| 650 |
_aHigiene y educación _928349 |
||
| 650 |
_aMedidas aplicables al menor _927107 |
||
| 650 |
_aLeyes de los menores _927108 |
||
| 650 |
_aLibertad vigilada _928350 |
||
| 942 |
_2ddc _cLIBROS |
||
| 945 | _awnts | ||